Masifikácia vysokoškolského vzdelávania a vznik fenoménov "Mickey Mouse degree" a "Mcjobs"

Zväčšovanie dostupnosti vysokoškolského vzdelania. Masifikácia vysokoškolského vzdelávania. Znehodnocovanie vysokoškolského titulu a úbytok kvality vysokých škôl. Vznik fenoménov "Mickey Mouse degree" a "Mcjobs".

Salvato in:
Dettagli Bibliografici
Autore principale: Kováč, Filip
Altri autori: Gonda, Vladimír
Natura: Capitolo di libro
Lingua:slovacco
Soggetti:
Tags: Aggiungi Tag
Nessun Tag, puoi essere il primo ad aggiungerne!!

MARC

LEADER 00000naa$a2200000$$$4500
001 0206684
005 20240502083516.8
041 0 |a slo 
044 |a PL 
245 1 0 |a Masifikácia vysokoškolského vzdelávania a vznik fenoménov "Mickey Mouse degree" a "Mcjobs"  |c Filip Kováč, Vladimír Gonda 
520 |a Zväčšovanie dostupnosti vysokoškolského vzdelania. Masifikácia vysokoškolského vzdelávania. Znehodnocovanie vysokoškolského titulu a úbytok kvality vysokých škôl. Vznik fenoménov "Mickey Mouse degree" a "Mcjobs". 
610 2 0 |a vzdelávanie vysokoškolské 
610 2 0 |a školy vysoké 
610 2 0 |a univerzity 
610 2 0 |a absolventi 
610 2 0 |a kvalita 
610 2 0 |a práca 
610 2 0 |a zamestnanie 
100 1 |a Kováč, Filip 
700 1 |a Gonda, Vladimír